Personal learning aid for FORTRAN : (Record no. 300)

000 -LEADER
fixed length control field nam a22 7a 4500
005 - DATE AND TIME OF LATEST TRANSACTION
control field 20170503102413.0
008 - FIXED-LENGTH DATA ELEMENTS--GENERAL INFORMATION
fixed length control field 170503b1971 -US||||| |||| 00| 0 eng d
020 ## - INTERNATIONAL STANDARD BOOK NUMBER
International Standard Book Number 0870943278
040 ## - CATALOGING SOURCE
Original cataloging agency AKMAL
082 ## - DEWEY DECIMAL CLASSIFICATION NUMBER
Classification number 001.6 COU
090 ## - LOCALLY ASSIGNED LC-TYPE CALL NUMBER (OCLC); LOCAL CALL NUMBER (RLIN)
Classification number (OCLC) (R) ; Classification number, CALL (RLIN) (NR) 001.6
Local cutter number (OCLC) ; Book number/undivided call number, CALL (RLIN) COU
100 10 - MAIN ENTRY--PERSONAL NAME
Personal name Couger, J. Daniel.
9 (RLIN) 668
245 ## - TITLE STATEMENT
Title Personal learning aid for FORTRAN :
Remainder of title a simplified approach /
Statement of responsibility, etc. J. Daniel Couger, Loren E. Shannon ; revised by Charles B. Drebes.
250 ## - EDITION STATEMENT
Edition statement 3rd edition
260 ## - PUBLICATION, DISTRIBUTION, ETC.
Place of publication, distribution, etc. Homewood, Ill. :
Name of publisher, distributor, etc. Dow Jones-Irwin
Date of publication, distribution, etc. c1983.
300 ## - PHYSICAL DESCRIPTION
Extent a xi, 201 p.
Other physical details ill.
Dimensions 26cm
500 ## - GENERAL NOTE
General note Title on cover: Fortran.
599 ## - LOCAL NOTE
Local Note DALAM PROSES
650 ## - SUBJECT ADDED ENTRY--TOPICAL TERM
Topical term or geographic name entry element FORTRAN (Computer program language)
9 (RLIN) 669
700 ## - ADDED ENTRY--PERSONAL NAME
Personal name Shannon, Loren E.
9 (RLIN) 670
700 ## - ADDED ENTRY--PERSONAL NAME
Personal name Drebes, Charles B.
9 (RLIN) 671
942 ## - ADDED ENTRY ELEMENTS (KOHA)
Source of classification or shelving scheme
Koha item type Book
Holdings
Withdrawn status Lost status Source of classification or shelving scheme Damaged status Not for loan Collection code Home library Current library Shelving location Date acquired Inventory number Total Checkouts Full call number Barcode Date last seen Price effective from Koha item type
          NON-FICTION AKMAL Melaka AKMAL Melaka PINJAMAN 03.05.2017 000070   001.6 COU 201701159 03.05.2017 03.05.2017 Book
Pusat Sumber Maklumat Dato' Haji Sarmin Md Hussin, Akademi Kastam Diraja Malaysia, Melaka
Tel: 06-2331106 | Faks: 06-2313787